000 00445cam a2200181ua 4500
020 _c12.00
041 _aeng
_h
082 _a671.522
_bWUT/FU
100 _aWuttke, Felix .
245 _aFundamentals of gas welding , Part I /
_cFelix Wuttke.
_hTextual Documents
250 _a1 /
_b.
260 _a :
_bAsia Publishing House ,
_c1964.
300 _a101 ; .
365 _a12.00
504 _a
942 _cBK
999 _c2434
_d2434